Modern library practice
Αποθηκεύτηκε σε:
| Άλλοι συγγραφείς: | |
|---|---|
| Μορφή: | Βιβλίο |
| Γλώσσα: | English |
| Δημοσίευση: |
Cambridgeshire :
ELM Publications,
1982
|
| Θέματα: | |
| Ετικέτες: |
Προσθήκη ετικέτας
Δεν υπάρχουν, Καταχωρήστε ετικέτα πρώτοι!
|
MARC
| LEADER | 00000nam a2200000 i 4500 | ||
|---|---|---|---|
| 001 | 1/88626 | ||
| 008 | 990825s1982 eng d | ||
| 020 | |a 0-9505828-5-9 | ||
| 035 | |l 10052579 | ||
| 040 | |a GR-MY-UA |b gre |e aacr | ||
| 041 | 0 | |a eng | |
| 082 | 0 | |a 020 | |
| 245 | 1 | 0 | |a Modern library practice / |c edited by Sheila Ritchie |
| 260 | |a Cambridgeshire : |b ELM Publications, |c 1982 | ||
| 300 | |a 342 p. | ||
| 650 | 0 | 0 | |a Library science |x Handbooks, manuals, etc. |
| 650 | 0 | 0 | |a Library administration |x Handbooks, manuals, etc. |
| 700 | 1 | |a Ritchie, Sheila. |4 edt | |
| 852 | |a INST |b LESVOS |e 19990825 |h 020 MOD |p 005100021846 |q 005100021846 |t BK |y 0 | ||
| 901 | |a BIBL1-2000-1 | ||
| 909 | |a Λ |b 062943 | ||
| 922 | |a 1ΕΛΗ |b 199901 |c ΚΠΣ/ΚΥΒ |d LEADER | ||
| 950 | |a 023-1998-09-14 | ||
| 970 | |a ΤΖΑΦΕΡΗ |b ΕΥΑΓΓΕΛΙΑ |z 2000/02/07 | ||